| 000 | 00680nam a22002417a 4500 | ||
|---|---|---|---|
| 003 | BD-DhUIB | ||
| 005 | 20210321143959.0 | ||
| 008 | 210321b ||||| |||| 00| 0 eng d | ||
| 020 | _a978007014494 | ||
| 020 | _a007014494 | ||
| 040 |
_aBD-DhUIB _cBD-DhUIB |
||
| 082 |
_222 _a658.403 |
||
| 100 |
_aO'Brien, James A. _9140 |
||
| 245 |
_aManagement information system / _bby James A. O'Brien, George M. Marakas & Ramesh Behl. |
||
| 250 | _a9th ed. | ||
| 260 |
_aNew Delhi : _bMc-Graw Hill, _cc2009. |
||
| 300 |
_axxx, 830p. : _bill. ; _e24 cm. |
||
| 526 | _aBBA. | ||
| 650 | _2Management. | ||
| 700 |
_aMarakas, George M. _9141 |
||
| 700 |
_aBehl, Ramesh. _9142 |
||
| 942 |
_2ddc _cBK |
||
| 999 |
_c76 _d76 |
||